LIBRARY & INFORMATION CENTRE, KCAET, TAVANUR

ONLINE PUBLIC ACCESS CATALOGUE (OPAC)

Rise and fall of the mughal empire / (Record no. 5366)

MARC details
000 -LEADER
fixed length control field 00374cam a2200145ua 4500
041 ## - LANGUAGE CODE
Language code of text/sound track or separate title eng
082 ## - DEWEY DECIMAL CLASSIFICATION NUMBER
Classification number 954.02
Item number TRI/RI
100 ## - MAIN ENTRY--AUTHOR NAME
Personal name Tripathi, R.P .
245 ## - TITLE STATEMENT
Title Rise and fall of the mughal empire /
260 ## - PUBLICATION, DISTRIBUTION, ETC. (IMPRINT)
Place of publication Allahabad :
Name of publisher Central book Depot. ,
Year of publication 1963.
300 ## - PHYSICAL DESCRIPTION
Number of Pages 528 ; .
942 ## - ADDED ENTRY ELEMENTS (KOHA)
Koha item type Books
Holdings
Withdrawn status Lost status Damaged status Home library Current library Date acquired Full call number Accession Number Koha item type
Withdrawn     KAUAET Malayalam University 07/04/2012 954.02 10318 Reference
free website counter